Regionální analýza produktivity práce

Posúdenie miery rozvoja produktivity práce v regiónoch v Českej republiky pomocou metódy shift-share analýzy.

Enregistré dans:
Détails bibliographiques
Auteur principal: Střeleček, František
Autres auteurs: Zdeněk, Radek, Lososová, Jana
Format: Chapitre de livre
Langue:tchèque
Sujets:
Tags: Ajouter un tag
Pas de tags, Soyez le premier à ajouter un tag!

MARC

LEADER 00000naa$a2200000$$$4500
001 0109129
005 20220919123751.5
041 0 |a cze 
044 |a CZ 
245 1 0 |a Regionální analýza produktivity práce  |c František Střeleček, Radek Zdeněk, Jana Lososová 
520 |a Posúdenie miery rozvoja produktivity práce v regiónoch v Českej republiky pomocou metódy shift-share analýzy. 
610 2 0 |a Česko 
610 2 0 |a regióny 
610 2 0 |a analýza ekonomická 
610 2 0 |a produktivita práce 
610 2 0 |a zamestnanosť 
100 1 |a Střeleček, František 
700 1 |a Zdeněk, Radek 
700 1 |a Lososová, Jana